| 000 | 00928nam a2200229Ia 4500 | ||
|---|---|---|---|
| 999 |
_c48268 _d48268 |
||
| 001 | 15153 | ||
| 003 | GE_BSU | ||
| 005 | 20190516185027.0 | ||
| 008 | 181216s1980||||ge |||||||||||||| ||geo|| | ||
| 040 | _cGE_BSU | ||
| 041 | _ageo | ||
| 080 | _a821.353.1-32 - 44 | ||
| 100 |
_aლეონიძე, გიორგი _924 |
||
| 245 |
_aნატვრის ხე : მოთხრობები / _cგიორგი ლეონიძე ; რედ : ნ.გოგოძე ; მხატვ : შ. ჭავჭავაძე. |
||
| 264 |
_aთბილისი : _bნაკადული, _c1980. |
||
| 300 |
_a287 გვ .; _bილ ; _c20 სმ. |
||
| 653 | _aმოთხრობები | ||
| 653 | _aნატვრის ხე | ||
| 700 |
_aგოგოძე, ნ _eრედაქტორი _91262 |
||
| 700 |
_aჭავჭავაძე, მ _eმხატვარი _91263 |
||
| 942 |
_cBK _2udc |
||